Tame Impala Lyrics - Eventually - Statistics

General Stats
  • This quiz has been taken 45 times
    39 since last reset
  • The average score is 166 of 208
Answer Stats
Lyrics % Correct
I
96%
a
92%
Eventually,
92%
Eventually
92%
(Eventually)
92%
to
92%
to,
92%
'Cause
88%
could
88%
you
88%
back
85%
be
85%
But
85%
in
85%
into
85%
know
85%
never
85%
stranger
85%
that
85%
turn
85%
will
85%
Wish
85%
your
85%
and
81%
And
81%
change
81%
do
81%
happier
81%
If
81%
if
81%
it
81%
it,
81%
life,
81%
too
81%
I'll
77%
this
77%
ah
73%
ah-
73%
got
73%
have
73%
heart
73%
hurt
73%
like
73%
only
73%
the
73%
was
73%
wouldn't
73%
feels
69%
put
69%
said
69%
Said,
69%
said,
69%
soon
69%
another
65%
it's
65%
last
65%
through
65%
way
65%
what
65%
always
62%
just
62%
there
62%
murder
58%
time
58%
going
54%
I'm
54%
is
54%
I've
54%
ever
50%
Well,
35%
ooh-
19%
No matching quizzes found
Score Distribution
Percent of People with Each Score
Percentile by Number Answered
Your Score History
You have not taken this quiz since the last reset